La bruja mon (Record no. 16503)

MARC details
000 -LEADER
campo de control de longitud fija 01314cac a2200301 a 4500
003 - IDENTIFICADOR DE NÚMERO DE CONTROL
campo de control Co-PeBPM
005 - FECHA Y HORA DE LA ÚLTIMA TRANSACCIÓN
campo de control 20240510173218.0
007 - CAMPO FIJO DE DESCRIPCIÓN FÍSICA--INFORMACIÓN GENERAL
campo de control de longitud fija ta
008 - DATOS DE LONGITUD FIJA--INFORMACIÓN GENERAL
campo de control de longitud fija 231129s2002||||ck a||||||||||||| ||spa||
020 ## - NÚMERO INTERNACIONAL ESTÁNDAR DEL LIBRO
Número Internacional Estándar del Libro 8434814617
040 ## - FUENTE DE CATALOGACIÓN
Centro catalogador/agencia de origen Co-PeBPM
Lengua de catalogación spa
Centro/agencia transcriptor Co-PeBPM
Normas de descripción rda
041 ## - CÓDIGO DE IDIOMA
Código de lengua del texto/banda sonora o título independiente spa
082 04 - NÚMERO DE LA CLASIFICACIÓN DECIMAL DEWEY
Número de clasificación (i) 808.068543 M425b
Número de edición 22
100 ## - ENTRADA PRINCIPAL--NOMBRE DE PERSONA
Nombre de persona Mateos, Pilar
Término indicativo de función/relación autora
245 #0 - MENCIÓN DEL TÍTULO
Título La bruja mon
Mención de responsabilidad, etc. / Pilar Mateos; ilustraciones Viví Escrivá
250 ## - MENCION DE EDICION
Mención de edición Undécima edición
260 ## - PUBLICACIÓN, DISTRIBUCIÓN, ETC.
Lugar de publicación, distribución, etc. Madrid
Nombre del editor, distribuidor, etc. : Ediciones SM,
Fecha de publicación, distribución, etc. 2002
300 ## - DESCRIPCIÓN FÍSICA
Extensión 63 páginas
Otras características físicas ilsutraciones a color
Dimensiones 19 centímetros
490 ## - MENCIÓN DE SERIE
Mención de serie Colección El Barco de Vapor
520 ## - RESUMEN, ETC.
Sumario, etc. Cuatro historietas que tienen como protagonista a la bruja Mon. Con su vieja varita y las palabras mágicas se dedica a hacer travesuras. Pero, una y otra vez, intenta fastidiar a los demás y no se da cuenta de que, a veces, las cosas no salen como uno quiere. <br/>Un cuento en el que se muestra la importancia de hacerse responsable de los propios actos.
546 ## - NOTA DE IDIOMA
Nota de lengua/lenguaje spa
586 ## - NOTA DE PREMIOS
Nota de premios Premio Lazarillo 1982
650 10 - PUNTO DE ACCESO ADICIONAL DE MATERIA--TÉRMINO DE MATERIA
Término de materia o nombre geográfico como elemento de entrada Cuentos infantiles españoles
Fuente del encabezamiento o término Lemb
650 10 - PUNTO DE ACCESO ADICIONAL DE MATERIA--TÉRMINO DE MATERIA
Término de materia o nombre geográfico como elemento de entrada Cuentos fantásticos
Fuente del encabezamiento o término Lemb
700 ## - ENTRADA AGREGADA--NOMBRE PERSONAL
Nombre de persona Escrivá, Viví
Término indicativo de función/relación ilustraciones
942 ## - ELEMENTOS DE ENTRADA SECUNDARIOS (KOHA)
Fuente del sistema de clasificación o colocación Clasificación Decimal Dewey
Tipo de ítem Koha Literatura infantil
Holdings
Estatus retirado Estado de pérdida Fuente del sistema de clasificación o colocación Estado de daño No para préstamo Biblioteca de origen Biblioteca actual Fecha de adquisición Fuente de adquisición Total de préstamos Signatura topográfica completa Código de barras Visto por última vez Copia número Precio de reemplazo Tipo de ítem Koha
    Clasificación Decimal Dewey     BIBLIOTECA PÚBLICA MUNICIPAL RAMON CORREA MEJIA BIBLIOTECA PÚBLICA MUNICIPAL RAMON CORREA MEJIA 22/03/2013 Donación   (i) 808.068543 M425b 28831 29/11/2023 Ej.1 29/11/2023 Libros
    Clasificación Decimal Dewey     BIBLIOTECA PÚBLICA MUNICIPAL RAMON CORREA MEJIA BIBLIOTECA PÚBLICA MUNICIPAL RAMON CORREA MEJIA 03/12/2003 Donación   (i) 808.068543 M425b 49810 09/05/2024 Ej.2 09/05/2024 Libros

Powered by Koha